000 00310nam a2200121 a 4500
005 20141022142008.0
008 120228s19uu xx 00 eng d
050 _aDVD
_bN73 2007
100 _aNoonan, William R.
245 _aDiscussing the undiscussable /
_cWilliam Noonan.
260 _c2007.
942 _cAVM
999 _c276610
_d276610